000 01267cam a2200337 a 4500
001 14706012
003 OSt
005 20160809120116.0
008 070122s2007 cauab b 000 0 eng
010 _a 2007002178
020 _a9781412950176 (pbk.)
020 _a1412950171 (pbk.)
035 _a(OCoLC)ocm79861224
035 _a(OCoLC)79861224
040 _aDLC
_cDLC
_dBAKER
_dBTCTA
_dC#P
_dYDXCP
_dDLC
050 0 0 _aHD57.7
_b.C372 2007
082 0 0 _a658.4/092
_222
245 0 0 _aCases in leadership /
_c[edited by] W. Glenn Rowe.
260 _aLos Angeles :
_bSAGE Publications,
_cc2007.
300 _ax, 421 p. :
_bill., maps ;
_c24 cm.
440 4 _aThe Ivey casebook series
504 _aIncludes bibliographical references.
650 0 _aLeadership
_vCase studies.
650 0 _aManagement
_vCase studies.
700 1 _aRowe, W. Glenn.
856 4 1 _3Table of contents only
_uhttp://www.loc.gov/catdir/toc/ecip078/2007002178.html
856 4 2 _3Publisher description
_uhttp://www.loc.gov/catdir/enhancements/fy0738/2007002178-d.html
906 _a7
_bcbc
_corignew
_d1
_eecip
_f20
_gy-gencatlg
942 _2lcc
_cBOOKS
999 _c12990
_d12990